header

Italy in the age of Pinocchio (Record no. 94626)

MARC details
000 -LEADER
fixed length control field 01430nam a2200349Ia 4500
082 04 - DEWEY DECIMAL CLASSIFICATION NUMBER
Classification number 362.70945/09034
100 1# - MAIN ENTRY--AUTHOR NAME
Personal name Ipsen, Carl.
245 10 - TITLE STATEMENT
Title Italy in the age of Pinocchio
250 ## - EDITION STATEMENT
Edition statement 1st ed.
260 ## - PUBLICATION, DISTRIBUTION, ETC. (IMPRINT)
Place of publication New York :
Name of publisher Palgrave Macmillan,
Year of publication 2006.
300 ## - PHYSICAL DESCRIPTION
Number of Pages 261 p. :
Other physical details ill.
490 1# - SERIES STATEMENT
Series statement Italian and Italian American studies
650 #0 - SUBJECT ADDED ENTRY--TOPICAL TERM
Topical Term Poor children
Topical Term Poor children
856 40 - ELECTRONIC LOCATION AND ACCESS
Uniform Resource Identifier http://site.ebrary.com/lib/rucke/Doc?id=10150449

No items available.

© 2026 Rongo University
Contact us: librarian | system librarian | Rongo university